เที่ยวรอบโลก (ระเบียนเลขที่ 91919)
| 000 -LEADER | |
|---|---|
| fixed length control field | 00869nas a22002057a 4500 |
| 003 - CONTROL NUMBER IDENTIFIER | |
| control field | NALT |
| 005 - DATE AND TIME OF LATEST TRANSACTION | |
| control field | 20211125093531.0 |
| 008 - FIXED-LENGTH DATA ELEMENTS--GENERAL INFORMATION | |
| fixed length control field | 181116b th ||||| |||| 00| 0 tha d |
| 022 ## - INTERNATIONAL STANDARD SERIAL NUMBER | |
| International Standard Serial Number | 01258265 |
| 040 ## - CATALOGING SOURCE | |
| Original cataloging agency | NALT |
| 041 0# - LANGUAGE CODE | |
| Language code of text/sound track or separate title | tha |
| 245 10 - TITLE STATEMENT | |
| Title | เที่ยวรอบโลก |
| 260 3# - PUBLICATION, DISTRIBUTION, ETC. | |
| Place of publication, distribution, etc. | กรุงเทพฯ : |
| Name of publisher, distributor, etc. | อทิตตา |
| 310 ## - CURRENT PUBLICATION FREQUENCY | |
| Current publication frequency | รายเดือน |
| 500 ## - GENERAL NOTE | |
| General note | หยุดผลิตฉบับพิมพ์และปิดตัวลงหลังเดือนมีนาคม 2563 |
| 850 ## - HOLDING INSTITUTION | |
| Holding institution | NALT |
| 866 31 - TEXTUAL HOLDINGS--BASIC BIBLIOGRAPHIC UNIT | |
| Textual string | ปีที่ 36 ฉบับที่ 425-436 (ม.ค.-ธ.ค. 2561), ปีที่ 37 ฉบับที่ 437-448 (ม.ค.-ธ.ค. 2562), ปีที่ 38 ฉบับที่ 449-451 (ม.ค.-มี.ค. 2563) |
| 942 ## - ADDED ENTRY ELEMENTS (KOHA) | |
| Koha item type | Journal/Magazine |
| Koha issues (borrowed), all copies | 17 |
| Serial record | 1 |
| Source of classification or shelving scheme | Library of Congress Classification |
| 998 ## - STAFF NAME (NALT) | |
| -- | 755 |
| -- | จินตนา เอี่ยมคง |
ไม่มีตัวเล่มให้บริการ
